WYBRANE PROBLEMY POWODZI NA WISLE

Bibliographic Details
Main Authors: Hrabowski, Włodzisław (Author), Godlewski, Bohdan (Author)
Format: Article
Language:Polish

MARC

LEADER 00000naa a2200000uu 4500
001 vtls011085130
003 SK-MaSNL
005 20260302105129.0
008 210905|1995 xo |||||||||||||||||pol|
015 |a SNBRA 
035 |a (urnnbn)urn:nbn:sk:snk:ar-a0clrr 
035 |a (uuid)f98e4959-5c7a-4b7e-a024-bf0f64313094 
035 |a urn:nbn:sk:snk-aavrno 
040 |a SNKBUCL  |b slo  |c SNKBUCL  |e AACR2 
041 0 |a pol 
044 |a xo  |c SK 
100 1 |a Hrabowski, Włodzisław  |4 aut  |9 783337 
245 1 0 |a WYBRANE PROBLEMY POWODZI NA WISLE  |c Włodzisław HRABOWSKI, Bohdan GODLEWSKI 
700 1 |a Godlewski, Bohdan  |4 aut  |9 783338 
773 0 |t Dunaj - tepna Európy  |d Bratislava : T.R.T.MDIUM, 1995  |g S. 129-136 
958 |a OND 
958 |a article12 
958 |a chapter 
999 |c 1237470  |d 1239400